000 00328nam a2200133Ia 4500
005 20251222155129.0
008 251222s9999||||xx |||||||||||||| ||spa||
082 _aETI.238
100 _aMichel Schoyans
245 0 _aLa elección de la vida bioética y población
250 _a1ra. ed.
264 _bClaretiana
942 _cLIB
999 _c38737
_d38737